000 00371nam a22001577a 4500
003 OSt
020 _a97820334137
082 _a658.3
_bDRA/TH
100 _aMichael Drafke
245 _aThe Human Side of Organizations
250 _a9th
260 _aNew Delhi
_bPrentice Hall of India Pvt Ltd
_c2006
300 _a516
650 _aPeople and Work
942 _2ddc
_cBK
999 _c188850
_d188850